000 00495nam a22001817a 4500
999 _c1964
_d1964
003 OSt
005 20210705063119.0
008 210705b ||||| |||| 00| 0 eng d
020 _a9789966854629
040 _calupe university
050 _aPL8703.5
_b.S 55 2010
100 _aNaomi Luchera Shitemi
245 _aUshairi wa Kiswahili kabla ya karne ya ishirini
260 _aEldoret, Kenya
_bMoi University Press
_c2010
300 _a275 pages
650 _aKiswahili Poetry
942 _2lcc
_cBK